Statistics for Ginyu Force Members

Click here to take the quiz!

General Stats

  • This quiz has been taken 33 times
  • The average score is 5 of 5

Answer Stats

Answer% Correct
Captain Ginyu
100%
Burter
93%
Guldo
89%
Jeice
89%
Recoome
89%

Score Distribution

Percentile by Number Answered

Percent of People with Each Score

Your Score History

You have not taken this quiz